• 首页
  • 本馆介绍
  • 公告通知
  • 最新文献
  • 馆藏检索
  • 电子资源
  • 读者导购
  • 参考咨询
  • 我的图书馆
  • 登录
  • 详细信息显示
  • 放入我的书架
  • 预约/预借图书
  • 作者相关作品
  • 分类相关作品
  • 丛书相关作品
  • 出版社相关作品

书目信息

  • 表格格式
  • 工作单格式
  • 卡片格式
题名:
21世纪东方文化的传承与创新
    
 
作者: 唐孟生 , 李政 主编
分册:  
出版信息: 北京   北京大学出版社  2017
页数: 19,591页
开本: 23cm
丛书名:
单 册:
中图分类: K107.8-53
科图分类:
主题词: 东方文化--dong fang wen hua--文集
电子资源:
ISBN: 978-7-301-27984-7
000 01394nam0 22002531 450
001 1738642166
005 20170627164712.0
010    @a978-7-301-27984-7@dCNY122.00
100    @a20170315d2017 em y0chiy50 ea
101 0  @achi@aeng
102    @aCN@b110000
105    @ay z 100yy
106    @ar
200 1  @a21世纪东方文化的传承与创新@921shi ji dong fang wen hua de chuan cheng yu chuang xin@dInheritance and innovation eastern cultures in the 21st century@ethe ist international symposium forum of eastern cultures in the 21st century(FEC)@f唐孟生,李政主编@zeng
210    @a北京@c北京大学出版社@d2017
215    @a19,591页@d23cm
330    @a本书选自“21世纪东方文化论坛首届国际学术会议”论文共40余篇。论文内容紧扣时代脉搏,具有突出的时代意义,既探讨了东方文化的核心价值观、文学与艺术的价值和特色,也探究了东方各地区的区域文化以及东西文化的交流这个主题,涉及领域广泛,从新的宏观和微观视角多层面重新思考了东方文化的时代性和前沿性,特别是,多篇论文研究了“一带一路'”的文化价值和深远意义。
510 1  @aInheritance and innovation eastern cultures in the 21st century@ethe ist international symposium forum of eastern cultures in the 21st@zeng
606 0  @a东方文化@9dong fang wen hua@j文集
690    @aK107.8-53@v5
701  0 @a唐孟生@9tang meng sheng@f(1950-)@4主编
701  0 @a李政@9li zheng@4主编
801  0 @aCN@bTANGWEI@c20170626
905    @b1016796-9@dK107.8-53@e257@f4
    
    21世纪东方文化的传承与创新=Inheritance and innovation eastern cultures in the 21st century:the ist international symposium forum of eastern cultures in the 21st century(FEC)/唐孟生,李政主编.-北京:北京大学出版社,2017
    19,591页;23cm
    
    
    ISBN 978-7-301-27984-7:CNY122.00
    本书选自“21世纪东方文化论坛首届国际学术会议”论文共40余篇。论文内容紧扣时代脉搏,具有突出的时代意义,既探讨了东方文化的核心价值观、文学与艺术的价值和特色,也探究了东方各地区的区域文化以及东西文化的交流这个主题,涉及领域广泛,从新的宏观和微观视角多层面重新思考了东方文化的时代性和前沿性,特别是,多篇论文研究了“一带一路'”的文化价值和深远意义。
●
相关链接 在E读中查询图书 在五车中查询图书 在当当中查询图书 在豆瓣中查询图书


正题名:21世纪东方文化的传承与创新     索取号:K107.8-53/257         预约/预借

序号 登录号 条形码 馆藏地/架位号 状态 备注
1 1016796   210167969   第二样本阅览室/ [索取号:K107.8-53/257] 在馆    
2 1016797   210167978   教育系资料室/ [索取号:K107.8-53/257] 在馆    
3 1016798   210167987   教育系资料室/ [索取号:K107.8-53/257] 在馆    
4 1016799   210167996   第二借阅区/ [索取号:K107.8-53/257] 在馆    
唐山师范学院图书馆 欢迎您!
大连网信软件有限公司© 版权所有